Statistiken für Meistbesuchte Länder von Briten

Klicken Sie hier um das Quiz zu spielen!

Allgemein

  • Dieses Quiz wurde 2.177 mal gespielt
  • Das Durchschnittsergebnis liegt bei 9 aus 10

Antwortstatistiken

TausendeLand% Korrekt
2'270Vereinigte Staaten
99%
1'016Deutschland
99%
11'440Spanien
97%
6'156Frankreich
97%
2'459Italien
93%
1'112Irland
93%
2'114Portugal
83%
1'506Niederlande
82%
2'071Griechenland
65%
1'194Türkei
61%

Verteilung der Resultate

Perzentil nach korrekt beantworteten Fragen

Anzahl Personen mit jedem Resultat

Ihre Resultats-Entwicklung

Sie haben dieses Quiz noch nicht gespielt